| 000 | 01186nam a2200301 a 4500 | ||
|---|---|---|---|
| 001 | 43949 | ||
| 003 | BD-RjUL | ||
| 005 | 20211209053756.0 | ||
| 008 | 160629s1960 ii b f001 0 eng d | ||
| 020 | _c:IRs. 7.50 | ||
| 035 | _a(BD-RjUL)44067 | ||
| 040 |
_aNOC _cNOC _beng _dBD-RjUL |
||
| 041 | _aeng | ||
| 082 |
_223 _a330.95403 _bDUE V-1 1960 |
||
| 100 | 1 |
_aDutt, Romesh, _d1848-1909. _9135018 |
|
| 245 | 1 | 4 |
_aThe economic history of India / _cby Romesh Dutt ; critical introduction by D. R. Gadgil. |
| 260 |
_aDelhi : _bPublications Division, Ministry of Information and Broadcasting, Government of India, _c1960. |
||
| 300 |
_a v. ; _c24 cm. |
||
| 490 | 1 | _aClassics of Indian history and economics | |
| 500 | _aReprint of the 2d ed., published by K. Paul, Trench, Trubner, London, with preface dated 1906. | ||
| 504 | _aIncludes bibliographical references and indexes. | ||
| 505 | 0 | _aVol. 1. Under early British rule -- | |
| 650 |
_aEconomic conditions _zIndia _9133035 |
||
| 651 |
_a India _xPolitics and government _y1765-1947 _9228499 |
||
| 700 |
_aGadgil, D. R. ,introducer _9228504 |
||
| 830 | 0 |
_aClassics of Indian history and economics. _9228505 |
|
| 942 |
_2ddc _cRAR |
||
| 999 |
_c43949 _d43949 |
||